| 000 | 01423nam a2200241Ia 4500 | ||
|---|---|---|---|
| 999 |
_c37474 _d37474 |
||
| 001 | 3435 | ||
| 003 | GE_BSU | ||
| 005 | 20190614192943.0 | ||
| 008 | 181216s2011||||ge |||||||||||||| ||geo|| | ||
| 020 | _a9789941429002 | ||
| 040 | _cGE_BSU | ||
| 041 | _ageo | ||
| 080 | _a633.8(075.8) კ–75 | ||
| 100 |
_aკოპალიანი, როლანდ _92507 |
||
| 245 |
_aსუბტროპიკული ტექნიკური კულტურები : _bსახელმძღვ. აგროტექნოლოგიის, აგროეკოლოგიის და საბაღო-საპარკო მეურნეობის სპეც. სტუდენტებისათვის / _cრ. კოპალიანი, ვ. უგულავა, მ. თაბაგარი ; რედ. გ. კილასონია. |
||
| 264 |
_aქუთაისი : _bშპს "მბმ-პოლიგრაფი", _c2011. |
||
| 300 |
_a180 გვ. ; _bსურ. ; _c20 სმ. |
||
| 653 | _aსუბტროპიკული ტექნიკური კულტურები | ||
| 700 |
_aუგულავა, ვლადიმერ _eავტორი _92508 |
||
| 700 |
_aთაბაგარი, მარიეტა _eავტორი _92509 |
||
| 700 |
_aკილასონია, გ. _eრედაქტორი _92510 |
||
| 942 |
_cBK _2udc |
||